000
00323nam a2200145Ia 4500
005
20251222144901.0
008
251222s9999||||xx |||||||||||||| ||spa||
020
_a
9788408083351
082
_a
918.04/A81
100
_a
Asensi, Matilde
245
0
_a
Tierra Firme
250
_a
1ra.ed.
264
_b
Planeta
942
_c
LIB
999
_c
21976
_d
21976